Komentár k Zákonníku práce
Zákonník práce v tejto časti upravuje: podmienky odmeňovania, mzdové nároky zamestnancov, nároky na náhradu mzdy v niektorých prípadoch, poskytovanie mzdy v naturálnej forme a v cudzej mene, povinnosti zamestnávateľa súvisiace s poskytovaním mzdy, spôsob zisťovania priemerného a pravdepodobného záro...
Guardado en:
| Autor principal: | |
|---|---|
| Otros Autores: | , |
| Formato: | Capítulo de libro |
| Lenguaje: | eslovaco |
| Materias: | |
| Etiquetas: |
Sin Etiquetas, Sea el primero en etiquetar este registro!
|
MARC
| LEADER | 00000naa$a2200000$$$4500 | ||
|---|---|---|---|
| 001 | 0024016 | ||
| 005 | 20231106070716.8 | ||
| 041 | 0 | |a slo | |
| 044 | |a SK | ||
| 245 | 1 | 0 | |a Komentár k Zákonníku práce |c Mária Rybárová, Anna Vojnarová, Miroslav Mačuha |
| 520 | |a Zákonník práce v tejto časti upravuje: podmienky odmeňovania, mzdové nároky zamestnancov, nároky na náhradu mzdy v niektorých prípadoch, poskytovanie mzdy v naturálnej forme a v cudzej mene, povinnosti zamestnávateľa súvisiace s poskytovaním mzdy, spôsob zisťovania priemerného a pravdepodobného zárobku. | ||
| 610 | 2 | 0 | |a zákonník práce |
| 610 | 2 | 0 | |a mzdy |
| 610 | 2 | 0 | |a zárobky priemerné |
| 100 | 1 | |a Rybárová, Mária | |
| 700 | 1 | |a Vojnárová, Anna | |
| 700 | 1 | |a Mačuha, Miroslav | |